Score 0/21 Timer 01:30
17 Plays Today
% Correct
California
96.7%
Florida
94.9%
North Carolina
92.4%
Nevada
92.3%
South Dakota
92.1%
North Dakota
92.1%
South Carolina
91.8%
Georgia
91.3%
Arizona
90.4%
Alabama
89.8%
Virginia
89.6%
% Correct
Louisiana
89.1%
Montana
88.8%
West Virginia
85.7%
Oklahoma
84.2%
Nebraska
81.7%
Alaska
81.6%
Iowa
80.9%
Indiana
80.9%
Pennsylvania
79.2%
Minnesota
78.7%
Remove Ads.
Support Sporcle.
Get the best of Sporcle when you Go Orange. This ad-free experience offers more features, more stats, and more fun while also helping to support Sporcle. Thank you for becoming a member.

You're not logged in!

Compare scores with friends on all Sporcle quizzes.
OR
Log In

Show Comments

Extras

Top Quizzes Today


Score Distribution

Your Account Isn't Verified!

In order to create a playlist on Sporcle, you need to verify the email address you used during registration. Go to your Sporcle Settings to finish the process.

Report this User

Report this user for behavior that violates our Community Guidelines.

Details: